Public sector restructuring and privatisation : (Record no. 66903)

MARC details
000 -LEADER
fixed length control field 00563nam a22001577a 4500
005 - DATE AND TIME OF LATEST TRANSACTION
control field 20180723121643.0
020 ## - INTERNATIONAL STANDARD BOOK NUMBER
International Standard Book Number 8173914885
Terms of availability 800.00
035 ## - SYSTEM CONTROL NUMBER
System control number B-92506, B-92505
037 ## - SOURCE OF ACQUISITION
Stock number DPL
Source of stock number/acquisition ENG
100 ## - MAIN ENTRY--PERSONAL NAME
Personal name Dhameja, Nand
245 ## - TITLE STATEMENT
Title Public sector restructuring and privatisation :
Remainder of title Including urban infrastructure and public service finance /
Statement of responsibility, etc by Nand Dhameja and K.S. Sastry
260 ## - PUBLICATION, DISTRIBUTION, ETC. (IMPRINT)
Place of publication, distribution, etc New Delhi
Name of publisher, distributor, etc Kanishka Publishers, Distributors
Date of publication, distribution, etc 2002
300 ## - PHYSICAL DESCRIPTION
Extent xvi, 398p.
Dimensions 20 cms.
700 ## - ADDED ENTRY--PERSONAL NAME
Personal name Sastry, K.S.
9 (RLIN) 47455
942 ## - ADDED ENTRY ELEMENTS (KOHA)
Source of classification or shelving scheme Dewey Decimal Classification
Item type English Books
Classification part 338.62
Call number suffix DHA
Holdings
Withdrawn status Lost status Not for loan Collection code Home library Current library Date acquired Cost, normal purchase price Full call number Barcode Cost, replacement price Koha item type Source of acquisition
      Non-fiction Patel Nagar Patel Nagar 23/07/2018 800.00 338.62 DHA B-92505 900.00 English Books BPPD/PUB
      Non-fiction Sarojini Nagar Sarojini Nagar 19/05/2012 800.00 338.62 DHA B-92506 800.00 English Books  

© Delhi Public Library
Hit Counter
free hit counter